| 000 | 01267naa a22003497a 4500 | ||
|---|---|---|---|
| 001 | BR8002539 | ||
| 003 | BR-BrBNA | ||
| 005 | 20240918174548.0 | ||
| 007 | ta | ||
| 008 | 230509b bl.||||| |||| 00| 0 por d | ||
| 040 |
_aBR-BrBNA _bpor _cBiblioteca Nacional de Agricultura |
||
| 041 | _a(Pt) | ||
| 072 |
_aL34 _b6000 _b8954 _b4120 _b3745 |
||
| 090 | _aL34 BR8002539 | ||
| 100 | 1 | _aBarbosa, M.L.F. | |
| 100 | 1 | _aRocha, A.C.B. da | |
| 100 | 1 | _aAmaral, M.T.D. do | |
| 100 | 1 | _aTaniwaki, M.H. | |
| 111 | 1 |
_aMicotoxinas: Problemas e Solucoes, 1980. Encontro Nacional _cSao Paulo, SP (Brazil) _d14 Apr 1980 |
|
| 245 | 1 | _aMicoflora de racao de aves: pesquisa de produtores de aflatoxina e competicao entre os fungos isolados | |
| 260 | 3 |
_aSao Paulo, SP (Brasil): _c1980. |
|
| 500 | _aMicotoxinas: problemas e solucoes, 1980. Encontro Nacional. Anais Sao Paulo, SP (Brasil): 1980. p. 27-30 (BR8002539-AM)L34 | ||
| 650 | _aToxicologia de alimento | ||
| 650 | _aAve | ||
| 650 | _aRacao | ||
| 650 | _aFungo | ||
| 650 | _aAflatoxina | ||
| 650 | _aToxidez | ||
| 773 | 0 |
_tMicotoxinas: problemas e solucoes, 1980. Encontro Nacional. Anais _wL34 BR8002539 _gSao Paulo, SP (Brasil), 1980. p. 27-30 |
|
| 909 |
_a202404 _bLucia _c55 _dLucia Elande |
||
| 942 |
_cAM _2AGRIS |
||
| 999 |
_c312019 _d312019 |
||